000 00882cam a22002651 4500
999 _c5966
_d5966
001 2639680
003 GBCCL
005 20241126110553.0
008 800124s1962 miuab 000 0 eng
010 _aa 62008727
020 _a0825422000
040 _aDLC
_cDLC
_dDLC
050 0 0 _aBS2341
_b.B19 1962
082 0 0 _a225.77
_bBAR
100 _aBarnes, Albert
_94544
130 0 _aBible.
_pNew Testament.
_lEnglish.
_sAuthorized.
_f1962.
_94545
245 0 0 _aBarnes' notes on the New Testament,
_cby Albert Barnes. Edited by Robert Frew.
260 _aGrand Rapids,
_bKregel publications,
_c1962.
300 _a1761p. ;
_billus., maps.
_c26 cm.
505 _acomplete and unabridged in one volume
630 0 0 _aBible.
_pNew Testament
_xCommentaries.
_93065
700 1 _aBarnes, Albert,
_d1798-1870,
_94546
906 _a7
_bcbc
_corignew
_du
_encip
_f19
_gy-gencatlg
942 _2ddc
_cREF